[Event "GBR-ch Yates op 106th"]
[Site "Torquay"]
[Date "2019.07.28"]
[Round "5"]
[White "Gliddon, Daniel J"]
[Black "Greenaway Paul, Christopher"]
[Result "0-1"]
[WhiteElo "1479"]
[BlackElo "1579"]
[PlyCount "164"]
[EventDate "2019.07.26"]
[EventType "swiss"]
[EventRounds "5"]
[EventCountry "ENG"]
[SourceTitle "EXT 2025"]
[Source "ChessBase"]
[SourceDate "2024.10.14"]
[SourceVersion "1"]
[SourceVersionDate "2024.10.14"]
[SourceQuality "1"]

1. e4 c5 2. Nf3 d6 3. d4 cxd4 4. Nxd4 Bd7 5. Nc3 a6 6. Bd3 Nc6 7. Nxc6 Bxc6 8. 0-0 g6 9. Qe2 Bg7 10. Nd1 Nf6 11. f4 Nd7 12. c3 0-0 13. Ne3 Nc5 14. Ng4 Nxd3 15. Qxd3 Qc8 16. Ne3 Qe6 17. Nd5 Rac8 18. f5 gxf5 19. Rxf5 Kh8 20. Be3 f6 21. Re1 Qf7 22. Rf3 Bxd5 23. exd5 Qg6 24. Qxg6 hxg6 25. Rh3+ Kg8 26. Bd4 Kf7 27. Rhe3 Rfe8 28. Re6 b5 29. g4 g5 30. Be3 Rc4 31. h3 b4 32. cxb4 Rxb4 33. Bc1 Rb5 34. R6e4 Rxd5 35. Ra4 Ra8 36. Kg2 Rd3 37. Rf1 Rd5 38. Rf3 Rb5 39. Rfa3 a5 40. b4 axb4 41. Rxa8 bxa3 42. Rxa3 Ke6 43. Re3+ Kd7 44. a4 Ra5 45. Ra3 d5 46. Bd2 Ra6 47. a5 e6 48. Rb3 Bf8 49. Rb7+ Kc6 50. Rf7 Bd6 51. Rxf6 Kd7 52. Rf7+ Ke8 53. Rb7 Bf4 54. Bb4 d4 55. Rb6 Rxb6 56. axb6 Kd7 57. Kf3 e5 58. Ke4 Kc6 59. Bc5 Bg3 60. Be7 Bf4 61. Bc5 Bc1 62. Bxd4 exd4 63. Kxd4 Bf4 64. Ke4 Bg3 65. Kf3 Bh4 66. Ke4 Kxb6 67. Kd5 Kb5 68. Ke4 Kc4 69. Ke3 Kd5 70. Kf3 Ke5 71. Kg2 Ke4 72. Kh1 Kf3 73. Kh2 Be1 74. h4 Bxh4 75. Kh3 Be1 76. Kh2 Kxg4 77. Kg2 Kf4 78. Kf1 Ba5 79. Kg2 g4 80. Kf1 Kf3 81. Kg1 g3 82. Kf1 g2+ 0-1